| 000 | 00789nam a2200241 a 4500 | ||
|---|---|---|---|
| 005 | 20220916063602.0 | ||
| 008 | 140520s2005 mx r 000 0 spa d | ||
| 020 | _a9500830078 | ||
| 035 | _aUPN01000197344 | ||
| 049 | _aI | ||
| 050 | 4 |
_aPZ77 _bC6.2 |
|
| 100 | 1 |
_aCostard, Nataniel _935917 |
|
| 245 | 1 | 3 |
_aEl amor de las tres naranjas / _cadaptación Nataniel Costard ; il. Irene Singer. |
| 260 |
_aBuenos Aires : _bAtlántida, _c2005. |
||
| 300 |
_a[23] p. : _bil. col. |
||
| 440 | 0 |
_aAtlántida mini. _pA partir de 8 años |
|
| 500 | _aAutor del cuento Carlo Gozzi y autor de la opera Serguei Prokofiev | ||
| 650 | 4 |
_aTEATRO JUVENIL _910343 |
|
| 650 | 7 |
_aLibros ilustrados para niños _2 _921365 |
|
| 650 | 4 |
_aCuentos infantiles _96744 |
|
| 905 | _aInfantil | ||
| 999 |
_c169445 _d169445 |
||